00485nam a2200121Ia 4500008004100000041001200041082001200053100008600065245008400151260006600235300001600301536004600317211220s9999 xx 000 0 eng d aEnglish aRP.0339 aPurohit, Mahesh CuFoundation for public economics and policy researchvNew Delhi 0aRevamping state excise duty Issues in policy and governance /cMahesh C Purohit aNew Delhi :bIndian Council oF Social Science Research,c2014 axiii, 110p. aIndian Council of Social Science Research